| 000 | 01878cad a22002655a 4500 | ||
|---|---|---|---|
| 001 | L153227 | ||
| 008 | 110627e20110316xxk f l f000 0 eng d | ||
| 020 | _a9781409830122 | ||
| 035 | _a(Sirsi) u153227 | ||
| 041 | 0 | _aeng | |
| 110 | 1 |
_aUnited Kingdom _bDepartment for Communities and Local Government _94939 |
|
| 245 | 0 | 4 |
_aThe Building (Amendment) Regulations 2011 _bcompetent person schemes, impact assessment _h[electronic resource] |
| 260 |
_aLondon _bDCLG _c2011 |
||
| 520 | _aThe significant amount and types of building work subject to the Building Regulations cannot be practicably accommodated within the traditional building control framework. Competent Person Schemes (CPS) are a mechanism to allow registered installers who have been assessed as competent to self-certify that their building work complies with the regulations. This removes the burden for installers and consumers having to notify the work to a building control body in advance and pay a charge for the building control body to check the work. Competent Person Schemes therefore provide an alternative, cost effective and deregulatory means of ensuring compliance with the Building Regulations. DCLG proposes to extend the scope of some existing Competent Person Schemes to cover further types of work where the incidence of risk justifies this approach. | ||
| 521 | 2 | _aAdvanced | |
| 590 | _aKA NTK | ||
| 650 | 2 | 4 | _aBUILDING REGULATIONS 2000 |
| 650 | 2 | 4 | _aBUILDING (APPROVED INSPECTORS ETC.) REGULATIONS 2000 |
| 650 | 2 | 4 | _aBUILDING AND APPROVED INSPECTORS (AMENDMENT) REGULATIONS 2009 |
| 650 | 2 | 4 | _aBUILDING (AMENDMENT NO.2) REGULATIONS 2009 |
| 651 | 4 |
_aEngland and Wales _y1543- |
|
| 690 |
_aBuilding regulations _96224 |
||
| 856 | 4 | 0 |
_uhttps://www.communities.gov.uk/documents/planningandbuilding/pdf/1928885.pdf _zView the document free of charge at www.communities.gov.uk |
| 942 | _n0 | ||
| 999 |
_c112424 _d112424 |
||